Normal view
MARC view
- Rehan Anwar (170877)
Entry Personal Name
001 - CONTROL NUMBER
- control field: 116455
003 - CONTROL NUMBER IDENTIFIER
- control field: NUST
005 - DATE AND TIME OF LATEST TRANSACTION
- control field: 20230912165949.0
008 - FIXED-LENGTH DATA ELEMENTS
- fixed length control field: 230912|| aca||aabn | a|a d
040 ## - CATALOGING SOURCE
- Original cataloging agency: NUST
- Transcribing agency: NUST
100 ## - HEADING--PERSONAL NAME
- Personal name: Rehan Anwar (170877)
670 ## - SOURCE DATA FOUND
- Source citation: Work cat.: (NUST): Rehan Anwar (170877), Cu-tpa MOF derived electrocatalyst for oxygen reduction reaction with low Pt loading /, 2019
